| Record ID | ia:henrymooreunddie0000unse |
| Source | Internet Archive |
| Download MARC XML | https://archive.org/download/henrymooreunddie0000unse/henrymooreunddie0000unse_marc.xml |
| Download MARC binary | https://www.archive.org/download/henrymooreunddie0000unse/henrymooreunddie0000unse_meta.mrc |
LEADER: 01303cam a2200301Ia 4500
001 6323817
005 20221122022756.0
008 071026t20072007gw a b 000 0 ger d
020 $a9783832177850
020 $a383217785X
035 $a(OCoLC)ocn173653434
035 $a(NNC)6323817
035 $a6323817
040 $aCUY$cCUY$dOHX
041 1 $ager$aeng$hger$heng
090 $aNB497.M6$bA4 2007
245 00 $aHenry Moore und die Landschaft /$c[Herausgeber, Katja Blomberg, Beate Kemfert ; Redaktion, Katja Blomberg].
260 $aKöln :$bDuMont,$c[2007], ©2007.
300 $a127 pages :$billustrations (chiefly color) ;$c26 cm
336 $atext$btxt$2rdacontent
337 $aunmediated$bn$2rdamedia
500 $aPublished on the occasion of the eponymous exhibition held in the Haus am Waldsee, Ort Internationaler Gegenwartskunst, Berlin, 22 June- 21 Oct. 2007 and in the Stiftung Opelvillen, Zentrum für Kunst, 7 Nov. 2007-30 Mar. 2008.
546 $aEssays printed in both German and English.
504 $aIncludes bibliographical references.
600 10 $aMoore, Henry,$d1898-1986$vExhibitions.
700 1 $aBlomberg, Katja.$0http://id.loc.gov/authorities/names/n94094032
700 1 $aKemfert, Beate.$0http://id.loc.gov/authorities/names/n98057951
852 80 $bfax$hNB497 M78$iH399